[Event "Open"]
[Site "Marianske Lazne CZE"]
[Date "2008.01.25"]
[Round "8"]
[White "Baum,B"]
[Black "Ptak,P"]
[Result "1/2-1/2"]
[WhiteElo "2204"]
[BlackElo "2154"]

1.e4 g6 2.Nc3 c6 3.d4 Bg7 4.Nf3 d5 5.h3 dxe4 6.Nxe4 Nf6 7.Nxf6+ exf6 8.Bc4 O-O
9.O-O Nd7 10.Re1 Nb6 11.Bb3 a5 12.a3 a4 13.Ba2 Re8 14.Rxe8+ Qxe8 15.Bd2 Be6
16.Bxe6 Qxe6 17.Qe1 Nc4 18.Bc3 Re8 19.Qf1 Qd5 20.Re1 Re6 21.Qd3 Bh6 22.Qd1 Bf4
23.Kf1 Nxb2 24.Bxb2 Qb5+ 25.c4 Rxe1+ 26.Kxe1 Qxb2 27.Qxa4  1/2-1/2

[Event "ch-AZE"]
[Site "Baku AZE"]
[Date "2008.01.26"]
[Round "7"]
[White "Guliyev,N"]
[Black "Abbasov,F"]
[Result "1/2-1/2"]
[WhiteElo "2570"]
[BlackElo "2519"]

1.e4 g6 2.d4 Bg7 3.Nc3 c6 4.Nf3 d6 5.a4 Nd7 6.Be2 Qc7 7.Be3 Ngf6 8.Nd2 O-O
9.f4 b6 10.O-O Bb7 11.e5 Nd5 12.Nxd5 cxd5 13.Bd3 e6 14.Qg4 Rae8 15.Qh4 f6
16.Nf3 Qd8 17.Qg3 dxe5 18.fxe5 fxe5 19.dxe5 d4 20.Nxd4 Rxf1+ 21.Rxf1 Bxe5
22.Qg4 Nf6 23.Qh4 Qd5 24.Rf3 Rf8 25.b3 Qd6 26.Rh3 Qd7 27.Nf3 Bxf3 28.Rxf3 Nd5
29.Rxf8+ Kxf8 30.Bd2 Kg8 31.Qc4 Kg7 32.g3 Nf6 33.Be3 h5 34.Be2 Nd5 35.Bf2 Ne7
36.Qe4 Qc7 37.Bc4 Qd6 38.Qb7 Bd4 39.Qxa7 Kf6 40.Bd3 h4 41.Qa8 Bxf2+ 42.Kxf2 hxg3+
43.hxg3 Nf5 44.Qf3 Qd4+ 45.Kg2 Kg5 46.Qe2 Qd6 47.Qd2+ Kf6 48.Qf4 e5 49.Qe4 Qc7
50.b4 Qc3 51.g4 Nd6 52.Qxg6+ Ke7 53.Qg7+ Ke6 54.Qh6+ Kd5 55.b5 Qd4 56.Qg6 Qxa4
57.c4+ Kc5 58.Qe6 Qa8+ 59.Kg3 Qd8 60.Qxe5+ Kb4 61.Qb2+ Kc5 62.Qf2+ Kb4 63.Qe1+ Kc5
64.Qe5+ Kb4 65.g5 Nxc4 66.Bxc4 Kxc4 67.Kg4 Qd7+ 68.Kf4 Kb4 69.g6 Ka5 70.g7 Qd2+
71.Kf5 Qd3+ 72.Kf6 Qd8+ 73.Kg6 Qd3+ 74.Qf5 Qg3+ 75.Qg5 Qd3+ 76.Kh6 Qd6+ 77.Kh7 Qd3+
78.Qg6 Qh3+ 79.Qh6 Qf5+ 80.Kh8 Qe5 81.Qh3 Qd4 82.Qg3 Qf6 83.Kh7 Qf5+ 84.Kh6 Qf6+
85.Qg6 Qf4+ 86.Qg5 Qd6+ 87.Kh5 Qh2+ 88.Kg6 Qd6+ 89.Kf7 Qc7+ 90.Qe7 Qc4+ 91.Qe6 Qc7+
92.Kf8 Qd8+ 93.Kf7 Qc7+ 94.Kf6 Qf4+ 95.Qf5 Qd6+ 96.Kg5 Qg3+ 97.Kh6 Qh4+ 98.Qh5 Qf4+
99.Kh7 Qe4+ 100.Kh8 Qd4 101.Qh2 Qf6 102.Qd2+ Ka4 103.Qc2+ Ka5 104.Qc7 Qh4+
105.Kg8 Qf6 106.Qc6 Qf5 107.Qa8+ Kxb5 108.Qe8+ Ka6 109.Qa4+ Kb7 110.Qc4 Qg5
111.Qe4+ Ka6 112.Kf7 Qh5+ 113.Qg6 Qd5+ 114.Qe6 Qb7+ 115.Kf6 Qf3+ 116.Ke7 Qb7+
117.Qd7 Qe4+ 118.Kd8 Qh4+ 119.Kc8 Qc4+ 120.Kb8 Ka5 121.Qc7 Qe6 122.Qc3+ Kb5
123.Qb2+ Ka6 124.Qa3+ Kb5 125.Qd3+ Kc6 126.Qf3+ Kb5 127.Qf1+ Ka5 128.Qg2 Qg8+
129.Ka7 b5 130.Qg5 Qf7+ 131.Kb8 Qg8+ 132.Kc7 Qc4+ 133.Kd6 Qd4+ 134.Ke6 Qb6+
135.Kd5 Qb7+ 136.Kd4 Qd7+ 137.Ke4 Qc6+ 138.Kd3 Qc4+ 139.Kd2 Qd4+ 140.Kc2 Qe4+
141.Kd1 Qf3+ 142.Ke1 Qe4+ 143.Kf2 Qd4+ 144.Kg3 Qd3+ 145.Kf4 Qd4+ 146.Kf5 Qd5+
147.Kg6 Qe6+ 148.Kh7 Qh3+ 149.Qh6 Qf5+ 150.Kh8 Qe5 151.Qh4 Qc3 152.Qd8+ Ka4
153.Qa8+ Kb4 154.Qe4+ Ka5 155.Qf5 Qd4 156.Kh7 Qh4+ 157.Kg6 Qg3+ 158.Kf6 Qd6+
159.Qe6 Qf4+ 160.Ke7 Qc7+ 161.Qd7 Qe5+ 162.Kf7 Qf4+ 163.Ke8 Qe4+ 164.Qe7 Qc6+
165.Kd8 Qd5+ 166.Kc8 Ka4 167.Qd7 Qc4+ 168.Kb7 Qe4+ 169.Ka7 Qe3+ 170.Ka6 Qh6+
171.Kb7 Qg6 172.Qd1+ Kb4 173.Qd4+ Ka3 174.Qe3+ Ka2 175.Qa7+ Kb3 176.Qe3+ Kb4
177.Qd4+ Kb3 178.Qe5 Ka4 179.Qf4+ Ka3 180.Qd4  1/2-1/2

[Event "ch-AZE"]
[Site "Baku AZE"]
[Date "2008.01.28"]
[Round "9"]
[White "Guliev,L"]
[Black "Abbasov,F"]
[Result "0-1"]
[WhiteElo "2438"]
[BlackElo "2519"]

1.e4 g6 2.d4 Bg7 3.Nc3 c6 4.Bc4 d6 5.Qf3 e6 6.Nge2 b5 7.Bb3 a5 8.a3 Ba6 9.Bf4 Qe7
10.O-O Nd7 11.Rad1 e5 12.Bg5 Ngf6 13.Rfe1 h6 14.Bh4 O-O 15.h3 Kh7 16.Rd2 b4
17.axb4 axb4 18.Nd1 exd4 19.Nxd4 Ne5 20.Qg3 c5 21.Nf3 c4 22.Ba4 Bc8 23.Nxe5 dxe5
24.Bc6 Ra1 25.Qf3 g5 26.Bg3 g4 27.hxg4 Bxg4 28.Qe3 Nh5 29.Bh2 Bf6 30.Rd5 Bg5
31.Qb6 Nf4 32.Bxf4 Bxf4 33.g3 Rg8 34.Kg2 Qf6 35.Rg1 Bxg3 36.fxg3 Qf3+ 37.Kh2 Rg5  0-1

[Event "4th Open C Women"]
[Site "Moscow RUS"]
[Date "2008.02.05"]
[Round "4"]
[White "Ostertag,G"]
[Black "Matveeva,S"]
[Result "0-1"]
[WhiteElo "2210"]
[BlackElo "2433"]

1.e4 g6 2.d4 Bg7 3.Nc3 c6 4.Be3 d5 5.e5 f6 6.exf6 exf6 7.Qd2 Ne7 8.Bh6 Bxh6
9.Qxh6 Nf5 10.Qd2 Nd7 11.O-O-O O-O 12.g4 Nd6 13.Bd3 Nb6 14.Qh6 f5 15.Nf3 Nf7
16.Qd2 fxg4 17.Ne5 Nxe5 18.dxe5 Qh4 19.Rdf1 Be6 20.Qe3 Rf3 21.Qc5 Qh6+ 22.Kb1 Qf8
23.Qxf8+ Raxf8 24.Nd1 Nd7 25.Re1 Re8 26.Rhg1 Bf5 27.Be2 Rf4 28.Ne3 Rxe5 29.Rg2 Nf6
30.Reg1 Be4 31.Nxg4 Nxg4 32.Rxg4 Rxg4 33.Rxg4 Bxc2+ 34.Kxc2 Rxe2+  0-1

[Event "TCh-HUN 2007-8"]
[Site "Budapest HUN"]
[Date "2008.02.17"]
[Round "6"]
[White "Szuk,B"]
[Black "Butunoi,A"]
[Result "1/2-1/2"]
[WhiteElo "2408"]
[BlackElo "2403"]

1.e4 g6 2.d4 Bg7 3.Nc3 c6 4.Nf3 d6 5.a4 Nd7 6.Bc4 e6 7.O-O Ne7 8.Bf4 Nf6
9.Qd2 O-O 10.Rad1 d5 11.Bd3 b6  1/2-1/2

[Event "10th TCh-Euro sen"]
[Site "Dresden GER"]
[Date "2008.02.19"]
[Round "9"]
[White "Zoephel,H"]
[Black "Csulits,A"]
[Result "1/2-1/2"]
[WhiteElo "2160"]
[BlackElo "2222"]

1.e4 g6 2.d4 Bg7 3.Nc3 c6 4.Be3 d5 5.e5 h5 6.Qd2 Nh6 7.f4 Ng4 8.Nf3 Nxe3
9.Qxe3 Bf5 10.O-O-O e6 11.g3 Bg4 12.h3 Bxf3 13.Qxf3 Nd7 14.Kb1 f5 15.Be2 Qe7  1/2-1/2

[Event "6th Festival Gp B"]
[Site "Nancy FRA"]
[Date "2008.02.21"]
[Round "6"]
[White "Ramesh,R"]
[Black "Spielmann,Al"]
[Result "1/2-1/2"]
[WhiteElo "2473"]
[BlackElo "2279"]

1.e4 g6 2.d4 Bg7 3.Nc3 c6 4.Nf3 d5 5.h3 dxe4 6.Nxe4 Nf6 7.Nxf6+ exf6 8.Be3 O-O
9.Qd2 Be6 10.Be2 Nd7 11.c4 Nb6 12.b3 Nc8 13.O-O Nd6 14.Rad1 g5 15.d5 cxd5
16.cxd5 Bd7 17.Bd3 Re8 18.Rfe1 h6 19.Bd4 f5 20.Qb2 Rxe1+ 21.Rxe1 Qf8 22.Ne5 Re8
23.Rd1 Re7 24.Nc4 Nxc4 25.Bxc4 Re4 26.Bf6 Bxf6 27.Qxf6 Qe7 28.Qxe7 Rxe7 29.a4 Kf8
30.g3 f4 31.gxf4 Bxh3 32.Kh2 Bd7 33.Kg3 Re4 34.fxg5 hxg5 35.d6 Rg4+ 36.Kf3 Rf4+
37.Ke3 Ke8 38.Rd5 f6 39.Rd4 Rxd4 40.Kxd4 Bc6 41.Be6 b6 42.Bf5 Kd8 43.Be6 Ke8
44.Kc4 Kd8 45.Kd4 Ke8  1/2-1/2

[Event "Breizh Masters B"]
[Site "Guingamp FRA"]
[Date "2008.02.24"]
[Round "3"]
[White "Le Goff,D"]
[Black "Piankov,E"]
[Result "0-1"]
[WhiteElo "2217"]
[BlackElo "2348"]

1.e4 g6 2.d4 Bg7 3.Nc3 c6 4.Be3 d5 5.Qd2 dxe4 6.Nxe4 Nf6 7.Nxf6+ Bxf6 8.Bc4 Nd7
9.Nf3 Nb6 10.Bb3 Bg4 11.O-O-O Bxf3 12.gxf3 h5 13.Kb1 e6 14.Rhg1 Nd5 15.c4 Nxe3
16.fxe3 Qd6 17.c5 Qc7 18.f4 O-O-O 19.Qf2 Rd7 20.Bc2 Qa5 21.Rd3 Kb8 22.Ra3 Qc7
23.b4 Rhd8 24.Rb3 b5 25.cxb6 Qxb6 26.Rd1 Rb7 27.Be4 a5 28.b5 a4 29.Rb2 Qa5
30.Bxc6 Rc7 31.Rc1 Be7 32.Qc2 Ba3 33.b6 Rcc8 34.Rb5 Qa6 35.Qc3 Bxc1 36.Qxc1 Rd6
37.Rc5 Rdxc6  0-1

[Event "XI Open"]
[Site "Malaga ESP"]
[Date "2008.02.24"]
[Round "3"]
[White "Cabello Rodriguez,S"]
[Black "Bolado Saez,S"]
[Result "0-1"]
[WhiteElo "2099"]
[BlackElo "2367"]

1.d4 g6 2.e4 c6 3.Nc3 Bg7 4.h3 d5 5.e5 h5 6.Nf3 Nh6 7.Be2 Bf5 8.Bf4 Qb6 9.Qd2 Nd7
10.Na4 Qd8 11.O-O f6 12.Rfe1 fxe5 13.dxe5 e6 14.b4 a5 15.Nc5 Nxc5 16.bxc5 Nf7
17.Bd3 Qe7 18.Rab1 Nd8 19.Bg5 Qc7 20.Nh4 Qf7 21.g4 hxg4 22.hxg4 Bxd3 23.cxd3 Bf8
24.Bf6 Rh7 25.d4 Be7 26.Qg5 Qg8 27.f4 Bxf6 28.Qxf6 g5 29.Nf3 Rf7 30.Qxg5 Qxg5
31.Nxg5 Rxf4 32.Kh2 Rxg4 33.Rbd1 Rxg5  0-1

[Event "18th ch-IRI"]
[Site "Tehran IRI"]
[Date "2008.02.25"]
[Round "12"]
[White "Salehian,Si"]
[Black "Ghorbani,M"]
[Result "1-0"]
[WhiteElo "2101"]
[BlackElo "2347"]

1.e4 c6 2.d4 g6 3.Nc3 Bg7 4.Nf3 d6 5.Bc4 Nh6 6.Bf4 d5 7.exd5 O-O 8.h3 Nf5
9.O-O a6 10.a4 a5 11.Re1 Qb6 12.Be5 Nd7 13.Bxg7 Kxg7 14.Bb3 Re8 15.Qd2 Nf6
16.g4 Nd6 17.Qf4 h5 18.Ne5 hxg4 19.hxg4 c5 20.Kg2 cxd4 21.Rh1 Nxg4 22.Ne4 Bf5
23.Nxg4 Bxe4+ 24.f3 Bxf3+ 25.Kxf3 Nf5 26.Nh6 Qf6 27.Nxf5+ Qxf5 28.Qxf5 gxf5
29.Rag1+ Kf6 30.Rh6+  1-0

[Event "ch-ROU"]
[Site "Cluj ROU"]
[Date "2008.02.28"]
[Round "5"]
[White "Ardelean,Ge"]
[Black "Nevednichy,V"]
[Result "1/2-1/2"]
[WhiteElo "2475"]
[BlackElo "2538"]

1.e4 g6 2.d4 Bg7 3.Nc3 c6 4.f4 d5 5.e5 Nh6 6.Be3 f6 7.h3 Qb6 8.Na4 Qa5+ 9.c3 Nd7
10.b4 Qc7 11.Nf3 b5 12.Nc5 Nxc5 13.bxc5 Bf5 14.Bd3 Qa5  1/2-1/2

[Event "ch-ROU"]
[Site "Cluj ROU"]
[Date "2008.02.29"]
[Round "7"]
[White "Szabo,G ROM"]
[Black "Nevednichy,V"]
[Result "1/2-1/2"]
[WhiteElo "2509"]
[BlackElo "2538"]

1.e4 g6 2.d4 Bg7 3.Nc3 c6 4.Nf3 d6 5.Be3 Qb6 6.Rb1 Nf6 7.h3 O-O 8.Bd3 Qc7
9.Qd2 Nbd7 10.Bh6 e5 11.O-O Re8 12.a4  1/2-1/2

[Event "58th ch-RUS w 1st liga"]
[Site "Smolensk RUS"]
[Date "2008.02.29"]
[Round "3"]
[White "Manakova,I"]
[Black "Akatova,E"]
[Result "0-1"]
[WhiteElo "2200"]
[BlackElo "2296"]

1.e4 g6 2.d4 Bg7 3.Nc3 c6 4.Nf3 d6 5.h3 Nd7 6.Be3 b5 7.Qd2 a6 8.Rd1 Bb7 9.Ne2 Qc7
10.Ng3 e5 11.c3 Ngf6 12.Bd3 O-O 13.Bh6 d5 14.Bxg7 Kxg7 15.Qg5 dxe4 16.dxe5 exf3
17.exf6+ Kh8 18.O-O Rae8 19.Rfe1 Qd6 20.Ne4 Qe5 21.Qh4 c5 22.Ng5 Qxe1+ 23.Rxe1 Rxe1+
24.Bf1 h5 25.Nxf3 Bxf3 26.Qf4 Kh7 27.Qxf3 Re6 28.Bd3 Nxf6 29.g4 hxg4 30.hxg4 Kg7
31.g5 Nd7 32.Qd5 Ne5 33.Be4 Nc4 34.b3 Re5 35.Qc6 Rxg5+ 36.Bg2 Ne5 37.Qxa6 Nd3
38.Qxb5 Nf4 39.Kf1 Nxg2 40.a4 Rd8 41.Ke2 Nf4+ 42.Kf3 Rf5 43.Kg3 Rd3+ 44.f3 Nh5+
45.Kg2 Rdxf3 46.Qc4 R5f4 47.Qxc5 Rg3+  0-1

[Event "58th ch-RUS w 1st liga"]
[Site "Smolensk RUS"]
[Date "2008.03.02"]
[Round "5"]
[White "Solovjova,V"]
[Black "Romanko,M"]
[Result "1/2-1/2"]
[WhiteElo "2221"]
[BlackElo "2322"]

1.e4 g6 2.d4 Bg7 3.Nc3 c6 4.f4 d5 5.e5 Nh6 6.Nf3 Bg4 7.h3 Bxf3 8.Qxf3 Nf5
9.Ne2 e6 10.g4 Ne7 11.Ng3 Nd7 12.Bd3 Qb6 13.c3 c5 14.Qf2 Nc6 15.Be3 cxd4
16.cxd4 Qb4+ 17.Qd2 f5 18.Rc1 Bf8 19.Ne2 Qxd2+ 20.Bxd2 Be7 21.Kf2 Bd8 22.Bb5 Rc8
23.Bb4 a6 24.Bxc6 bxc6 25.Bc5 Nxc5 26.dxc5 Rb8 27.Rc2 Kd7 28.Nd4 Be7 29.Rb1 Rb4
30.Ke3 Rhb8 31.a3 Rc4 32.Rbc1 Bxc5 33.Rxc4 dxc4 34.Rxc4 Rb3+ 35.Kd2 Bxd4
36.Rxd4+ Ke7 37.Kc2 Rxh3 38.g5 h5 39.Rb4 Rh2+ 40.Kd3 h4 41.Rb7+ Kf8 42.Rb8+ Kg7
43.Rb7+ Kg8 44.Rb8+  1/2-1/2

[Event "Open"]
[Site "Blackpool ENG"]
[Date "2008.03.08"]
[Round "2"]
[White "Parmar,A"]
[Black "Mycroft,R"]
[Result "0-1"]
[WhiteElo "1995"]
[BlackElo "2143"]

1.e4 g6 2.d4 Bg7 3.Nc3 c6 4.Be3 d5 5.Qd2 dxe4 6.Nxe4 Nd7 7.Bc4 Ngf6 8.Ng5 O-O
9.h4 h5 10.N1h3 Nd5 11.Nf4 N7f6 12.O-O-O b5 13.Be2 b4 14.Nxd5 Nxd5 15.Bc4 Qa5
16.Kb1 Rb8 17.Bb3 Bf5 18.f3 Bh6 19.Rdg1 Nc3+ 20.bxc3 bxc3 21.Qc1 Bxg5 22.Ka1 Bxe3
23.Qxe3 Bxc2 24.Bxc2 Qa3 25.Rb1 Rb2 26.Bb3 Rb8 27.Qxc3 Rxa2+  0-1

[Event "Open"]
[Site "Blackpool ENG"]
[Date "2008.03.09"]
[Round "4"]
[White "Rabbitte,M"]
[Black "Mycroft,R"]
[Result "1/2-1/2"]
[WhiteElo "1917"]
[BlackElo "2143"]

1.e4 g6 2.d4 Bg7 3.Nc3 c6 4.Bc4 d6 5.Nf3 b5 6.Bb3 a5 7.a4 b4 8.Ne2 Ba6 9.O-O Nf6
10.e5 dxe5 11.Nxe5 O-O 12.Re1 c5 13.Ng3 cxd4 14.h4 e6 15.h5 Nfd7 16.Nxf7 Rxf7
17.Bxe6 Nf6 18.Bxf7+ Kxf7 19.Ne4 Ra7 20.Qf3 Rc7 21.hxg6+ hxg6 22.Ng5+ Kg8
23.Qb3+ Kh8  1/2-1/2

[Event "ch-UKR Girls u20"]
[Site "Odessa UKR"]
[Date "2008.03.12"]
[Round "8"]
[White "Kalinina,M"]
[Black "Andrenko,I"]
[Result "0-1"]
[WhiteElo "1717"]
[BlackElo "2216"]

1.e4 g6 2.d4 Bg7 3.Nc3 c6 4.Be3 d6 5.Qd2 Nf6 6.f3 b5 7.Nge2 Nbd7 8.Bh6 Bxh6
9.Qxh6 b4 10.Nd1 Qa5 11.Qd2 O-O 12.Ne3 Ba6 13.Kf2 c5 14.d5 Ne5 15.Ng3 c4
16.h4 Qc5 17.Qd1 e6 18.b3 exd5 19.exd5 Rae8 20.Ne4 Neg4+ 21.Kg3 Nxe4+ 22.fxe4 Qxe3+
23.Qf3 Rxe4 24.Qxe3 Nxe3 25.bxc4 Bxc4 26.Bd3 Bxd3 27.cxd3 Rd4 28.Rac1 Rxd3
29.Kf2 Nxd5  0-1

[Event "Romanian Young Int"]
[Site "Bucharest ROM"]
[Date "2008.03.15"]
[Round "2"]
[White "Filev,G"]
[Black "Badev,K"]
[Result "1/2-1/2"]
[WhiteElo "2353"]
[BlackElo "2314"]

1.e4 g6 2.d4 Bg7 3.Nc3 c6 4.Nf3 d6 5.h3 Nd7 6.Be3 a6 7.Be2 b5 8.O-O Bb7 9.Qd2 Rc8
10.a3 c5 11.Rfe1 cxd4 12.Nxd4 Ngf6 13.Bh6 O-O 14.Bxg7 Kxg7 15.Bf1 Qb6 16.Rad1 Rc5
17.Nb3 Rc7 18.Nd5 Nxd5 19.exd5 Nf6 20.Nd4 h6 21.Re3 Bxd5 22.c3 e5 23.Ne2 Bb3
24.Re1 Nd7 25.g4 f5 26.gxf5  1/2-1/2

[Event "Spring Festival"]
[Site "Budapest HUN"]
[Date "2008.03.22"]
[Round "2"]
[White "Vereb,G"]
[Black "Govciyan,P"]
[Result "0-1"]
[WhiteElo "2186"]
[BlackElo "2394"]

1.e4 g6 2.d4 Bg7 3.Nc3 c6 4.Bc4 d6 5.Qf3 e6 6.Nge2 b5 7.Bb3 a5 8.a3 Ba6 9.d5 cxd5
10.exd5 e5 11.Ne4 h6 12.g4 Nf6 13.N2g3 Nxe4 14.Nxe4 Qe7 15.g5 Nd7 16.c4 hxg5
17.c5 g4 18.cxd6 gxf3 19.dxe7 f5 20.Ng5 Kxe7 21.d6+ Kf6 22.Nf7 Rh5 23.h4 f4
24.Bd5 Ra7 25.Ng5 Bb7 26.Bxb7 Rxb7 27.Bd2 b4 28.axb4 axb4 29.Rc1 Rh8 30.Rc7 Rxc7
31.dxc7 Rc8 32.Bxb4 Rxc7 33.Bc3 Kf5 34.Nxf3 e4 35.Nd2 Bxc3 36.bxc3 Rxc3 37.Ke2 f3+
38.Kd1 Ne5 39.Nf1 Ng4 40.Ng3+ Kf4 41.Rf1 Nxf2+  0-1

[Event "SCT Ladies Open"]
[Site "Stockholm SWE"]
[Date "2008.03.22"]
[Round "4"]
[White "Blazkova,P"]
[Black "Sandu,Mi"]
[Result "1/2-1/2"]
[WhiteElo "2233"]
[BlackElo "2313"]

1.e4 c6 2.d4 g6 3.Nc3 Bg7 4.h3 d6 5.Be3 Nd7 6.a4 b6 7.Nf3 Bb7 8.Be2 Qc7 9.O-O Ngf6
10.Qd2 h6 11.a5 g5 12.a6 Bc8 13.e5 Nh5 14.Rfe1 Nf4 15.Bxf4 gxf4 16.Qxf4 dxe5
17.Qg3 O-O 18.Bd3 f5 19.Nxe5 Nxe5 20.dxe5 b5 21.Ne2 Qxe5 22.Nf4 Qc7 23.Ne6 Qxg3
24.fxg3 Bxb2 25.Rab1 Bc3 26.Nxf8 Bxe1 27.Ng6 Bxg3 28.Nxe7+ Kg7 29.Bxf5 Bxa6
30.Be4 Bf4 31.Bxc6 Rb8 32.Rf1 Be3+ 33.Kh2 Bc5 34.Nf5+ Kh8 35.Nxh6 Rb6 36.Nf7+ Kg7
37.Bd5  1/2-1/2

[Event "ch-WLS"]
[Site "Cardiff WLS"]
[Date "2008.03.24"]
[Round "6"]
[White "Zeidler,S"]
[Black "Cobb,J"]
[Result "0-1"]
[WhiteElo "2223"]
[BlackElo "2412"]

1.e4 g6 2.d4 Bg7 3.Nc3 c6 4.Bc4 b5 5.Bb3 b4 6.Nce2 a5 7.a3 Ba6 8.axb4 axb4
9.Be3 Nf6 10.f3 d6 11.Qd2 Nbd7 12.Qxb4 O-O 13.Nh3 c5 14.dxc5 Nxc5 15.Bxc5 dxc5
16.Qxc5 Nd7 17.Qe3 Bxb2 18.Ra2 Bxe2 19.Rxa8 Qxa8 20.Kxe2 Qa6+ 21.Qd3 Qa7
22.Rd1 Nc5 23.Qc4 Ne6 24.Nf2 Bd4 25.Nh3 Be5 26.Qa4 Qxa4 27.Bxa4 Bxh2 28.Bb3 Nc5
29.Bc4 Kg7 30.Nf2 Rc8 31.Ng4 Na4 32.Rd7 Rxc4 33.Nxh2 Rxc2+ 34.Kf1 Kf8 35.Rd8+ Kg7
36.Rd7 e5 37.Ng4 Nb6 38.Re7 Nc4 39.Kg1 h5 40.Nf2 Re2 41.Ra7 g5 42.Rc7 Ne3
43.Re7 Kf6 44.Re8 g4 45.Rg8 Re1+ 46.Kh2 Nf1+ 47.Kg1 g3  0-1

[Event "KNSB TCh-NED 2007-8"]
[Site "Netherlands NED"]
[Date "2008.03.29"]
[Round "8"]
[White "Van Oosterom,C"]
[Black "Bosboom Lanchava,T"]
[Result "1/2-1/2"]
[WhiteElo "2408"]
[BlackElo "2355"]

1.e4 g6 2.d4 Bg7 3.Nc3 c6 4.h3 Qc7 5.Be3 b5 6.Qd2 b4 7.Na4 Nf6 8.Bd3 a5 9.Ne2 Ba6
10.O-O Bb5 11.b3 Bxa4 12.bxa4 d6 13.f4 O-O 14.f5 Nbd7 15.c3 c5  1/2-1/2

[Event "TCh-HUN 2007-8"]
[Site "Budapest HUN"]
[Date "2008.03.30"]
[Round "9"]
[White "Szabo,Krisz1"]
[Black "Butunoi,A"]
[Result "1-0"]
[WhiteElo "2492"]
[BlackElo "2403"]

1.e4 g6 2.d4 Bg7 3.Nc3 c6 4.f4 d5 5.e5 Nh6 6.Nf3 f6 7.h3 Nf5 8.Bd3 Ng3 9.Rg1 f5
10.Ne2 Ne4 11.g4 e6 12.Be3 Qb6 13.b3 a5 14.c3 Qd8 15.h4 Bh6 16.gxf5 exf5
17.h5 Rg8 18.Qc2 Be6 19.O-O-O Qe7 20.Rh1 Bf8 21.Ng5 Nd7 22.Bxe4 fxe4 23.hxg6 hxg6
24.Nxe6 Qxe6 25.f5 gxf5 26.Nf4 Qe7 27.c4 Rg3 28.cxd5 Nxe5 29.dxe5 Qxe5 30.Kb1 Rxe3
31.Ng6 Qf6 32.Nxf8 a4 33.Nd7 Qg7 34.Rdg1 Qd4 35.Rg8+ Kxd7 36.dxc6+ bxc6 37.Rh7+ Kd6
38.Rg6+ Kd5 39.Rd7+ Ke5 40.Qh2+  1-0

[Event "FKB ch-USA Qualifier"]
[Site "Tulsa USA"]
[Date "2008.03.30"]
[Round "6"]
[White "Shankland,S"]
[Black "Ivanov,AV USA"]
[Result "1/2-1/2"]
[WhiteElo "2279"]
[BlackElo "2554"]

1.e4 g6 2.d4 Bg7 3.Nc3 c6 4.Be3 Qb6 5.a3 d6 6.Bc4 Nf6 7.Bb3 Ng4 8.Nf3 Nxe3
9.fxe3 O-O 10.O-O e6 11.Kh1 c5 12.e5 dxe5 13.Na4 Qc7 14.Nxc5 b6 15.Ne4 Bb7
16.d5 Na6 17.Nfg5 exd5 18.Bxd5 Rad8 19.Bxf7+ Rxf7 20.Rxf7 Rxd1+ 21.Rxd1 Qxf7
22.Nxf7 Bxe4 23.Ng5 Bf5 24.Rd8+ Bf8 25.e4 h6 26.exf5 hxg5 27.fxg6 Nc5 28.b4 Ne6
29.Re8 Nd4 30.c3 Nb5 31.Rxe5 Nxa3 32.Rxg5 Nb1 33.Rd5 Nxc3 34.Rd7 a6 35.h4 Ne4
36.Ra7 Bxb4 37.Rxa6 Bc5 38.g4 Nf2+ 39.Kg2 Nxg4 40.Ra7 Nf6 41.Kf3 Bd6 42.Rb7 Be5
43.Rf7 Bc3 44.Kf4 b5 45.Rb7 b4 46.Kf5 Nh5 47.Kg5 Ng3 48.h5 Bd2+ 49.Kg4 Ne4
50.Kf3 Nf6 51.Kf2 Bh6 52.Rxb4 Nxh5 53.Rh4 Kg7 54.Rxh5 Kxg6 55.Ra5 Bg5 56.Kf3 Kf6
57.Ke4 Bd2  1/2-1/2

[Event "3rd Open"]
[Site "Kolkata IND"]
[Date "2008.03.31"]
[Round "8"]
[White "Sandipan,C"]
[Black "Rahman,Zia"]
[Result "1-0"]
[WhiteElo "2593"]
[BlackElo "2492"]

1.e4 g6 2.d4 Bg7 3.Nc3 c6 4.f4 Qb6 5.Nf3 d5 6.e5 Bg4 7.Be2 Nh6 8.Ng5 Bxe2
9.Nxe2 e6 10.O-O c5 11.Be3 Ng4 12.Qd2 Nxe3 13.Qxe3 cxd4 14.Nxd4 Nc6 15.c3 Nxd4
16.cxd4 O-O 17.Rf2 Rac8 18.g4 Rc4 19.Rd1 Rfc8 20.Rdd2 Rc1+ 21.Kg2 Rb1 22.f5 exf5
23.gxf5 gxf5 24.Qh3 Qg6 25.Qxf5 Rf8 26.Rc2 Bh6 27.Qxg6+ hxg6 28.Nf3 Rd1 29.Rfe2 f6
30.e6 Rc1 31.Rxc1 Bxc1 32.Kg3 Rc8 33.h4 Kg7 34.h5 f5 35.Nh4 f4+ 36.Kf3 g5
37.e7 Re8 38.Nf5+ Kf6 39.Kg4  1-0

[Event "A.Lutikov Memorial"]
[Site "Tiraspol MDA"]
[Date "2008.04.01"]
[Round "2"]
[White "Zhadko,V"]
[Black "Romcovici,V"]
[Result "1/2-1/2"]
[WhiteElo "2248"]
[BlackElo "2220"]

1.e4 g6 2.Nc3 Bg7 3.d4 c6 4.g3 d5 5.exd5 cxd5 6.Bg2 e6 7.Nge2 Ne7 8.O-O O-O
9.Bf4 Nbc6 10.Na4 Qa5 11.c3 Bd7 12.b3 b6 13.Nb2 Rac8 14.Nd3 Nf5 15.Ne5  1/2-1/2

[Event "ch-SRB w"]
[Site "Kac SRB"]
[Date "2008.04.02"]
[Round "5"]
[White "Mladenovic,J"]
[Black "Rakic,Ma"]
[Result "0-1"]
[WhiteElo "2114"]
[BlackElo "2218"]

1.e4 g6 2.d4 Bg7 3.Nc3 c6 4.a4 d6 5.h3 Nf6 6.Nf3 O-O 7.Be3 Qb6 8.Qd2 d5 9.a5 Qd8
10.e5 Ne8 11.Bd3 Nc7 12.h4 h5 13.Ne2 c5 14.dxc5 Nd7 15.Ng3 Ne6 16.Bh6 Ndxc5
17.Bxg7 Kxg7 18.O-O b6 19.Be2 Ba6 20.Bxa6 Nxa6 21.axb6 axb6 22.Rfd1 Nac7
23.Nd4 Rxa1 24.Nxe6+ Nxe6 25.Rxa1 Qd7 26.Rd1 Rd8 27.Qb4 Qc7 28.c3 Nc5 29.Qf4 Ne6
30.Qe3 Qc4 31.Qxb6 Qxh4 32.Qe3 Qg4 33.Qe2 Qa4 34.Qd2 h4 35.Nf1 Qg4 36.f3 Qf5
37.Qe3 Nf4 38.g4 hxg3 39.Nxg3 Qg5 40.Kf2 Nh3+  0-1

[Event "ch-NED w"]
[Site "Hilversum NED"]
[Date "2008.04.04"]
[Round "1"]
[White "Munnik,T"]
[Black "Lanchava,T"]
[Result "0-1"]
[WhiteElo "2002"]
[BlackElo "2365"]

1.e4 g6 2.d4 Bg7 3.Nc3 c6 4.Nf3 d6 5.h3 Nf6 6.Be3 b5 7.Bd3 a6 8.O-O Qc7 9.a4 b4
10.Ne2 Nbd7 11.c3 bxc3 12.bxc3 c5 13.Qd2 Bb7 14.Ng3 h6 15.Rfb1 e6 16.Ra2 Kf8
17.Qb2 Bc6 18.Qe2 Kg8 19.Nd2 a5 20.h4 h5 21.Nf3 Ng4 22.Bd2 Bf6 23.Bg5 Kg7
24.Bb5 Rhc8 25.Rab2 Bxb5 26.Rxb5 cxd4 27.cxd4 Bxg5 28.Rxg5 Kf8 29.Rgb5 Qc4
30.Qd1 Rc7 31.Rb7 Rac8 32.Rxc7 Rxc7 33.Ne2 Qa2 34.Ra1 Qc2 35.Nd2 Nb6 36.Rc1 Qxd1+
37.Rxd1 Rc2 38.Kf1 Nxa4 39.Nb3 Rxe2  0-1

[Event "Sozina Open"]
[Site "Bar MNE"]
[Date "2008.04.05"]
[Round "9"]
[White "Brajovic,R"]
[Black "Pancevski,F"]
[Result "1-0"]
[WhiteElo "2243"]
[BlackElo "2366"]

1.e4 g6 2.d4 Bg7 3.Nc3 c6 4.Bc4 d6 5.Qf3 e6 6.Be3 Nd7 7.Bb3 Ngf6 8.Nge2 O-O
9.g4 c5 10.g5 Nh5 11.dxc5 dxc5 12.Ng3 b5 13.Nxh5 gxh5 14.a3 b4 15.axb4 cxb4
16.Na4 Bb7 17.O-O-O Qa5 18.Rxd7 Bc6 19.Rxf7 Rxf7 20.Bxe6 Rf8 21.Bc5 Bd7 22.Bd5 Kh8
23.Bxf7 Rc8 24.Be7 Bxa4 25.Bf6 Rxc2+ 26.Kb1 Rc6 27.b3 Qc5 28.Bxg7+ Kxg7 29.Bc4  1-0

[Event "ch-NED w"]
[Site "Hilversum NED"]
[Date "2008.04.10"]
[Round "6"]
[White "Bensdorp,L"]
[Black "Lanchava,T"]
[Result "0-1"]
[WhiteElo "2085"]
[BlackElo "2365"]

1.e4 g6 2.d4 Bg7 3.Nc3 c6 4.Nf3 d6 5.Be3 Nd7 6.a4 Ngf6 7.h3 O-O 8.Bd3 e5
9.O-O Qe7 10.dxe5 dxe5 11.Nd2 Nc5 12.Bc4 Rd8 13.Bxc5 Qxc5 14.Nb3 Qe7 15.Qe2 Nh5
16.Rfd1 Bd7 17.Qe3 Bf8 18.Ne2 b6 19.Rd3 Nf6 20.Rdd1 Qb4 21.Nd2 b5 22.Bb3 a6
23.c3 Qe7 24.axb5 cxb5 25.Nf1 a5 26.Bc2 a4 27.Qf3 Bc6 28.Ne3 Ne8 29.Ng3 f5
30.Ne2 Nf6 31.Nd5 Bxd5 32.exd5 e4 33.Qg3 Nxd5 34.Nd4 Qd7 35.Qg5 Be7 36.Qd2 Rac8
37.Qe2 Rc5 38.Bb1 Kh8 39.Ba2 Bf6 40.Nc2 Qc7 41.Bxd5 Rcxd5 42.Rxd5 Rxd5 43.Nb4 Re5
44.Rd1 Bg5 45.Kh1 a3 46.bxa3 Qxc3 47.Nd5 Qb3 48.Nb4 Qxa3 49.Nc2 Qc3 50.Nd4 Qc4
51.Qb2 Bf6 52.Rc1 Qd3 53.Qb4 Be7 54.Qb2 Ba3 55.Rc8+ Kg7 56.Qa1 Kh6 57.Rd8 e3
58.f4 Rc5 59.Kh2 Rc1 60.Qa2 Qe4 61.Ne6 Rc2  0-1

[Event "TCh-FRA Top 16 Gp A"]
[Site "Noyon FRA"]
[Date "2008.04.10"]
[Round "4"]
[White "Riff,JN"]
[Black "Pietrasanta,J"]
[Result "1-0"]
[WhiteElo "2474"]
[BlackElo "2268"]

1.e4 g6 2.d4 Bg7 3.Nc3 c6 4.Nf3 d6 5.Be3 Nd7 6.Qd2 b5 7.Bd3 a6 8.a4 Bb7 9.O-O e5
10.axb5 cxb5 11.Bxb5 axb5 12.Nxb5 Qb8 13.dxe5 dxe5 14.Nd6+ Ke7 15.Nxf7 Ngf6
16.Nxh8 Bxh8 17.Qb4+ Ke8 18.Qc4 Bxe4 19.Qe6+ Kd8 20.Rxa8 Qxa8 21.Nxe5 Bd5
22.Qd6 Qb8 23.Nc6+ Bxc6 24.Qxc6 Ng4 25.Bg5+ Bf6 26.Bxf6+ Ngxf6 27.Qc3 Qa7
28.Rd1 Qb6 29.h3 Ne4 30.Qf3 Nf6 31.b4 Kc7 32.Qf4+ Kb7 33.Rd6 Qa7 34.c4 Kc8
35.c5 Qa1+ 36.Kh2 Ne8 37.Rd4 Qc3 38.c6 Ndf6 39.b5 Qc5 40.Ra4 Kd8 41.Rc4 Qb6
42.Qe5 Qc7 43.f4  1-0

[Event "82nd ch-ARG s/f"]
[Site "Buenos Aires ARG"]
[Date "2008.04.12"]
[Round "3"]
[White "Dos Santos,R"]
[Black "Fulgenzi,E"]
[Result "0-1"]
[WhiteElo "2436"]
[BlackElo "2315"]

1.e4 g6 2.d4 Bg7 3.Nc3 c6 4.Be3 d6 5.Qd2 Nd7 6.Nf3 b5 7.Bd3 Nb6 8.b3 Bg4
9.a4 b4 10.Ne2 a5 11.O-O Bxf3 12.gxf3 e6 13.Rac1 Ne7 14.c3 bxc3 15.Rxc3 O-O
16.Bg5 f6 17.Bh4 Kh8 18.f4 Qd7 19.Rfc1 Rf7 20.Kh1 Qb7 21.Bb1 Nd7 22.f3 Ra6
23.f5 gxf5 24.exf5 exf5 25.Ng3 Rb6 26.Bxf5 Rxb3 27.Rxb3 Qxb3 28.Bxd7 Qxf3+
29.Qg2 Qf4 30.Rb1 Qxh4 31.Bxc6 f5 32.d5 Be5 33.Qf3 Rg7 34.Rg1 Bxg3 35.Rxg3 Rxg3
36.Qxg3 Qxg3 37.hxg3 Kg7 38.Kg2 Kf6 39.Kf3 Ke5 40.Bd7 Nxd5 41.Be8 Nf6 42.Bb5 d5
43.Ke3 d4+ 44.Kf3 Nd5 45.Bd3 Nb4 46.Bc4 Nd5 47.Bd3 h5 48.Bb5 Kf6 49.Bc6 Nb4
50.Bb5 Kg5 51.Be8 Nd3 52.Ke2 Ne5 53.Kf2 Kg4 54.Bb5 f4 55.Be2+ f3 56.Ba6 Kh3
57.Bc8+ Kh2 58.Bf5 d3 59.Be4 d2 60.Bc2 Nd3+ 61.Ke3 f2 62.Ke2 Kg1  0-1